Vybrané faktory zamestnaneckej spokojnosti a ich porovnanie v spoločnosti J&T Finance Group a Anect a.s. bakalárska práca

Gespeichert in:
Bibliographische Detailangaben
1. Verfasser: Gáliková, Linda
Körperschaft: Obchodná fakulta EU. Katedra marketingu
Weitere Verfasser: Matušovičová, Monika, 1967-
Format: Buch
Sprache:Slowakisch
Veröffentlicht: Bratislava 2009
Tags: Tag hinzufügen
Keine Tags, Fügen Sie das erste Tag hinzu!

MARC

LEADER 00000nam$a2200000$$$4500
001 0099806
005 20240318135547.0
041 0 |a slo 
044 |a SK 
245 1 0 |a Vybrané faktory zamestnaneckej spokojnosti a ich porovnanie v spoločnosti J&T Finance Group a Anect a.s.  |b bakalárska práca  |c Linda Gáliková ; škol. Monika Matušovičová 
264 1 |a Bratislava  |c 2009 
300 |a 62 s. 
100 1 |a Gáliková, Linda 
700 1 |a Matušovičová, Monika, 1967- 
710 2 |a Obchodná fakulta EU. Katedra marketingu